El forastero (Record no. 67889)

MARC details
000 -LEADER
campo de control de longitud fija 00685nam a2200217 i 4500
001 - NÚMERO DE CONTROL
campo de control 67889
003 - IDENTIFICADOR DE NÚMERO DE CONTROL
campo de control ES-MaACL
005 - FECHA Y HORA DE LA ÚLTIMA TRANSACCIÓN
campo de control 20230906170151.0
007 - CAMPO FIJO DE DESCRIPCIÓN FÍSICA--INFORMACIÓN GENERAL
campo de control de longitud fija t|
008 - DATOS DE LONGITUD FIJA--INFORMACIÓN GENERAL
campo de control de longitud fija 040216s1952 sp ||||1| spa d
100 1# - ENTRADA PRINCIPAL--NOMBRE DE PERSONA
Nombre de persona Gallegos, Rómulo.
9 (RLIN) 53598
245 13 - MENCIÓN DEL TÍTULO
Título El forastero
Resto del título : ; seguida de Los inmigrantes ; El milagro del año /
Mención de responsabilidad, etc. Rómulo Gallegos ; nota preliminar de F.S.R.
260 ## - PUBLICACIÓN, DISTRIBUCIÓN, ETC.
Lugar de publicación, distribución, etc. Madrid :
Nombre del editor, distribuidor, etc. Aguilar,
Fecha de publicación, distribución, etc. [1952] (
Fabricante Marto)
300 ## - DESCRIPCIÓN FÍSICA
Extensión 407 p. :
Otras características físicas 1 ret. aut. ;
Dimensiones 12 cm.
490 1# - MENCIÓN DE SERIE
Mención de serie Urisol ;
Designación de volumen o secuencia 348
740 4# - ENTRADA AGREGADA--TÍTULO RELACIONADO/ANALÍTICO NO CONTROLADO
Título relacionado o analítico no controlado Los inmigrantes.
740 3# - ENTRADA AGREGADA--TÍTULO RELACIONADO/ANALÍTICO NO CONTROLADO
Título relacionado o analítico no controlado El milagro del año.
830 0# - PUNTO DE ACCESO ADICIONAL DE SERIE-TÍTULO UNIFORME
Título uniforme Urisol ;
Designación de volumen o secuencia 348
9 (RLIN) 230918
852 ## - LOCALIZACIÓN
Ubicación ES-MaACL
Número de control de estantería D-8396
Sublocalización o colección R.32759
Holdings
Estatus retirado Estado de pérdida Estado de daño No para préstamo Biblioteca de origen Biblioteca actual Ubicación en estantería Fecha de adquisición Fuente de adquisición Total de préstamos Signatura topográfica completa Código de barras Visto por última vez Precio de reemplazo Tipo de ítem Koha
        Biblioteca del Ateneo de Madrid Biblioteca del Ateneo de Madrid Sala Valle Inclán 17/01/2008     D-8396 901071075 23/02/2023 23/02/2023 Libro impreso